[Event "70th RUS-ch Women Higher League 2020"]
[Site "Sochi"]
[Date "2020.10.10"]
[Round "3.10"]
[White "Kovanova, Baira"]
[Black "Miroshnik, Ekaterina"]
[Result "1-0"]
[WhiteElo "2324"]
[BlackElo "2104"]
[Annotator "TA"]
[PlyCount "129"]
[EventDate "2020.10.08"]
[EventType "swiss"]
[EventCountry "RUS"]
[SourceTitle "playchess.com"]
[Source "ChessBase"]
[SourceQuality "1"]

{[%evp 15,129,15,26,12,29,22,17,0,0,-4,-4,-9,29,14,24,10,59,40,66,63,65,68,58,49,56,47,72,68,76,66,77,49,64,46,80,56,75,72,66,68,103,66,83,45,51,43,70,55,63,59,91,89,80,92,92,66,80,52,59,44,110,31,27,0,25,0,64,20,77,28,93,27,62,0,0,-2,176,187,172,182,164,144,184,162,272,20,119,0,0,0,0,0,53,0,0,0,3850,2936,2098,0,361,14,131,31,32,33,586,578,683,676,12833,394,29993,29988,29997,29998]} 1. d4 d5 2. Nf3 c6 3. c4 Nf6 4. Nc3 e6 5. e3 Be7 6. Qc2 O-O 7. Bd3 Nbd7 8. O-O b6 9. b3 {D46: Semi-Slav: 5 e3 Nbd7 6 Bd3, Black avoids the Meran.} Bb7 10. Rd1 Rc8 11. e4 {The position is equal.} (11. Bb2 {looks sharper.} c5 12. Qe2 Qc7 13. cxd5 exd5 14. Ba6) 11... dxe4 12. Nxe4 Nxe4 13. Bxe4 Nf6 (13... f5 $5 14. Bd3 $8 c5 $11) 14. Bd3 Qc7 15. c5 g6 16. Bg5 Rfd8 {[#]} 17. b4 $146 ({Predecessor:} 17. a3 Nd5 18. Bxe7 Qxe7 19. Rac1 Kg7 20. Bf1 Rc7 21. Qb2 Qd7 22. Ne5 Qc8 23. Nc4 {1-0 (33) Trichkov,V (2333)-Parvanov,M (1948) Sunny Beach 2012}) 17... Nd5 18. Bxe7 Qxe7 19. a3 Ra8 20. Ne5 b5 21. Qd2 a6 22. Be4 f6 23. Nf3 Bc8 24. Re1 Qf7 25. h3 Bd7 26. Bc2 Ra7 27. Bb3 a5 28. bxa5 Rda8 $1 29. Qb2 Rxa5 30. Nd2 Nf4 {[#] ...Nd3 is the strong threat.} 31. Re3 Nd5 32. Rf3 Rf8 33. Ne4 f5 34. Re1 Qg7 35. Nd6 Nc7 36. Re5 Kh8 37. h4 Ra7 {[#]} (37... Raa8 $14) 38. Rg3 (38. h5 $1 $16) 38... Qf6 $14 39. Rh3 Rfa8 40. Ba2 Rf8 (40... h5 $11) 41. f4 (41. h5 $5 {[%cal Rh5g6]}) 41... Raa8 (41... h6 $11 {keeps the balance.}) 42. Bb3 Qg7 (42... h6 $11) 43. Rhe3 (43. h5 $16) 43... Ra7 44. Rg3 (44. h5 $14) 44... Qf6 $1 $11 45. h5 Nd5 $2 (45... gxh5 $11 {and Black has nothing to worry.} 46. Ree3 h4) 46. Bxd5 cxd5 47. hxg6 hxg6 48. Rh3+ Kg8 49. Qe2 Ra4 (49... Rfa8 {might work better.}) 50. Rd3 $2 ({Not} 50. Nxb5 Rb8 $11) (50. Ree3 $18) 50... Ra6 (50... b4 $1 $11 {remains equal.}) 51. Rc3 (51. Ree3 $16) 51... b4 52. Rc1 Rxa3 {Hoping for ...b3.} 53. c6 Bc8 ({Black should try} 53... Bxc6 $11 54. Rxe6 Qxd4+ {[%mdl 64] Double Attack} 55. Qf2 Qxf2+ 56. Kxf2 Rc3) 54. Nxc8 (54. Qd2 $14) 54... Rxc8 55. Rxe6 Qf7 $2 {[%mdl 8192]} (55... Qxd4+ $11 56. Kh1 Kf8) 56. Re7 $18 Qf6 57. c7 $2 (57. Re8+ $18 Rxe8 58. Qxe8+ Kh7 59. c7 Qxd4+ 60. Kh1) 57... Raa8 $2 {[%mdl 8192]} (57... Qxd4+ $11 58. Qf2 Qxf2+ 59. Kxf2 Ra6) 58. Qe3 $2 (58. Re1 $18) 58... b3 (58... Ra3 $1 $11 59. Qe1 Qxd4+ {[%mdl 64] Double Attack} 60. Qf2 Qxf2+ 61. Kxf2 Ra6) 59. Rb1 ({Better is} 59. Re1 $16 {Strongly threatening Qc3.} b2 60. Kf2) 59... b2 $1 $14 {aiming for ...Ra1!} 60. Re6 $36 {[%mdl 2048] White is more active.} Qf7 $2 {[%mdl 8192]} ({Black should play} 60... Qg7 $14) 61. Rxb2 $18 {Threatens to win with Rbb6.} Rxc7 62. Rbb6 Ra1+ 63. Kf2 $2 (63. Kh2 {Intending Re8+ and mate.} Qh7+ 64. Kg3) 63... Qh7 $2 (63... Kh7 $18 64. Qh3+ Kg7) 64. Rxg6+ Kf8 65. Rb8+ {Accuracy: White = 62%, Black = 42%.} 1-0

[Event "70th RUS-ch Women Higher League 2020"]
[Site "Sochi"]
[Date "2020.10.10"]
[Round "3.11"]
[White "Goltseva, Ekaterina"]
[Black "Kochukova, Anna"]
[Result "1-0"]
[WhiteElo "2294"]
[BlackElo "2093"]
[Annotator "TA"]
[PlyCount "91"]
[EventDate "2020.10.08"]
[EventType "swiss"]
[EventCountry "RUS"]
[SourceTitle "playchess.com"]
[Source "ChessBase"]
[SourceQuality "1"]

{[%evp 17,91,-5,4,12,36,46,23,29,41,30,29,19,31,33,43,37,72,68,71,77,106,62,60,0,19,34,47,12,8,0,85,83,95,86,122,59,130,137,133,141,147,137,130,96,81,52,133,57,275,269,1109,1114,4506,4390,4279,3730,3678,2076,2442,2128,7643,6654,5337,4309,29965,29966,29961,29948,29968,29971,29969,29971,29973,29973,29976,29977]} 1. d4 Nf6 2. c4 e6 3. Nc3 Bb4 4. e3 d5 5. Nf3 O-O 6. Bd3 b6 7. O-O Bb7 8. cxd5 exd5 9. Ne5 Nbd7 10. f4 {E52: Nimzo-Indian: Rubinstein: 4...0-0 5 Nf3 d5 6 Bd3 b6.} Ne4 11. Nxe4 dxe4 12. Bc4 {White has an edge.} Bd6 13. Qb3 {[%cal Re5f7]} Qe7 $1 14. Bd2 {[#]} c5 $146 ({Predecessor:} 14... Nf6 15. Be1 c5 16. dxc5 Bxc5 17. Bh4 Rad8 18. Rad1 Bd6 19. Ng4 Bc8 20. Nxf6+ gxf6 {1-0 (46) Navalgund,N (2245)-Antonio,V (2430) Taleigao 2018}) 15. a4 Rac8 16. Rac1 Nf6 17. Bc3 cxd4 18. Bxd4 Nd7 19. Nxd7 Qxd7 20. f5 (20. Qb5 $14 Qxb5 21. axb5) 20... Bc5 21. Rcd1 {[%cal Bc1d1,Bd1d4,Bd4d6][%mdl 32] aiming for Bxc5.} Qc7 22. Bxc5 (22. f6 $5 {[%cal Rf6g7]} g6 23. Bxc5 Qxc5 24. Rd4 $14) 22... Qxc5 23. Rd4 Rc7 (23... Qe7 $11 {keeps the balance.}) 24. Qd1 $16 Qe5 25. b3 h6 {[#]} 26. Qg4 (26. f6 $1 $16 {[%mdl 512]}) 26... Qf6 (26... Bc6 $14) 27. Qf4 Rc5 28. Rd6 $36 {[%mdl 2048] Keeping Black busy.} Qe5 29. Qxe5 Rxe5 30. f6 {Threatens to win with fxg7.} Bc8 31. Rc6 (31. fxg7 {is interesting.} Kxg7 32. Rdf6 Re7 33. h3 Rd7 34. Kh2) 31... Be6 {[#]} (31... g5 $14) 32. fxg7 (32. Bxe6 $1 $16 Rxe6 33. Rxe6 fxe6 34. fxg7) 32... Kxg7 $2 {This costs Black the game.} ({Black should try} 32... Re8 $1 $14) 33. Bxe6 $18 Rxe6 $2 (33... fxe6 34. Rc7+ Kg8 35. Rxa7 Rd8) 34. Rxe6 fxe6 35. Rxf8 Kxf8 $16 {[%mdl 4096] Endgame KP-KP} 36. g4 Ke7 37. h4 Kd6 38. Kf2 Ke5 39. Ke2 Kd6 40. Kd2 e5 41. Kc3 {White mates.} Kd5 42. g5 hxg5 43. hxg5 Ke6 44. Kc4 Kf5 45. Kd5 Kxg5 46. Kxe5 {Accuracy: White = 76%, Black = 47%.} 1-0

[Event "70th RUS-ch Women Higher League 2020"]
[Site "Sochi"]
[Date "2020.10.10"]
[Round "3.12"]
[White "Mukhina, Jana"]
[Black "Yakimova, Mariya"]
[Result "0-1"]
[WhiteElo "2025"]
[BlackElo "2269"]
[Annotator "NA RC"]
[PlyCount "52"]
[EventDate "2020.10.08"]
[EventType "swiss"]
[EventCountry "RUS"]
[SourceTitle "playchess.com"]
[Source "ChessBase"]
[SourceQuality "1"]
[TimeControl "40/5400+30:1800+30"]

1. e4 {[%emt 0:00:41]} c5 {[%emt 0:00:00]} 2. c3 {[%emt 0:01:24]} d5 {[%emt 0:00:00]} 3. exd5 {[%emt 0:00:07]} Qxd5 {[%emt 0:00:00]} 4. d4 {[%emt 0:00:12]} Nc6 {[%emt 0:00:00]} 5. Nf3 {[%emt 0:00:13]} Bf5 {[%emt 0:00:00]} 6. Be3 {[%emt 0:01:12]} e6 {[%emt 0:00:00]} 7. Na3 {[%emt 0:00:13]} cxd4 {[%emt 0:00:16]} 8. Nb5 {[%emt 0:00:31]} O-O-O {[%emt 0:00:31]} 9. Nbxd4 {[%emt 0:01:01]} Bc5 {[%emt 0:04:43]} 10. Be2 {[%emt 0:00:02]} Nxd4 {[%emt 0:15:09]} 11. Nxd4 {[%emt 0:00:04]} Be4 {[%emt 0:16:28]} 12. b4 {[%emt 0:32:06]} Bb6 {[%emt 0:06:55]} 13. c4 {[%emt 0:03:36]} Qe5 {[%emt 0:02:23]} 14. c5 {[%emt 0:19:09]} Bc7 {[%emt 0:02:00]} 15. Qa4 {[%emt 0:20:00]} Rxd4 {[%emt 0:05:36]} 16. Bxd4 {[%emt 0:00:04]} Qxd4 {[%emt 0:00:01]} 17. Qe8+ {[%emt 0:00:56]} Qd8 {[%emt 0:00:33]} 18. Qxf7 {[%emt 0:00:36]} Qe7 {[%emt 0:00:46]} 19. Qxe7 {[%emt 0:09:01]} Nxe7 {[%emt 0:00:05]} 20. O-O {[%emt 0:00:43]} Nd5 {[%emt 0:00:33]} 21. a3 {[%emt 0:01:03]} Be5 {[%emt 0:02:12]} 22. Rac1 {[%emt 0:01:01]} Nf4 {[%emt 0:04:44]} 23. Bc4 {[%emt 0:04:44]} Bb2 {[%emt 0:01:22]} 24. Rce1 {[%emt 0:01:25]} Bxg2 {[%emt 0:00:25]} 25. Bxe6+ {[%emt 0:01:25]} Kb8 {[%emt 0:00:10]} 26. Re4 {[%emt 0:00:39]} Bxe4 {[%emt 0:00:10]} 0-1

[Event "70th RUS-ch Women Higher League 2020"]
[Site "Sochi"]
[Date "2020.10.10"]
[Round "3.13"]
[White "Schepetkova, Margarita"]
[Black "Komissarova, Soigina"]
[Result "1-0"]
[WhiteElo "2257"]
[BlackElo "1780"]
[Annotator "TA"]
[PlyCount "79"]
[EventDate "2020.10.08"]
[EventType "swiss"]
[EventCountry "RUS"]
[SourceTitle "playchess.com"]
[Source "ChessBase"]
[SourceQuality "1"]

{[%evp 12,79,30,28,35,34,27,26,59,34,128,69,84,79,193,204,195,135,164,150,155,154,171,170,181,163,168,102,123,130,121,37,100,36,41,0,141,140,346,316,397,392,511,488,483,341,653,646,619,653,653,643,634,625,799,779,922,890,1294,1289,1213,1176,5252,5252,29980,29981,29984,29981,29981,29982]} 1. Nf3 d5 2. c4 e6 3. g3 c5 4. cxd5 exd5 5. d4 c4 6. Bg2 Nf6 7. Nc3 Be7 {D32: Tarrasch Defence: Sidelines and lines without g3.} 8. O-O O-O 9. b3 Bb4 {White has an edge.} 10. Bd2 {[#]} Qe7 $146 {[#]} (10... Nc6 $14) ({Predecessor:} 10... Nc6 11. a3 Bxc3 12. Bxc3 Ne4 13. Rc1 b5 14. bxc4 bxc4 15. Ne5 Nxe5 16. dxe5 Nxc3 17. Rxc3 {½-½ (39) Masarik,D (2030)-Vrbova,N (2200) Slovakia 2013}) 11. a3 $1 {[%mdl 512]} Bxc3 $1 $14 (11... Bxa3 12. bxc4) 12. Bxc3 a5 (12... Qc7 $16) 13. bxc4 $18 Ne4 14. Bb2 (14. Qc2 $18) 14... dxc4 $16 15. Ne5 c3 16. Bc1 Nd6 17. Qd3 Rd8 18. a4 f6 19. Nf3 ({White should play} 19. Nc4 $18) 19... Bf5 20. Qxc3 Qxe2 21. Nh4 (21. Bf4 $16 Qd3 22. Qc5) 21... Qc2 {[#]} (21... Nc6 $14) 22. Qc5 (22. Qa3 $1 $16 {Bf4 is the strong threat.} Bd3 23. Bd5+ Kh8 24. Ra2) 22... Bd3 $14 23. Re1 {aiming for Qd5+.} Na6 (23... Nc6 $11 {keeps the balance.}) 24. Qxa5 $16 Nc4 $2 {[#] This move loses the game for Black.} (24... Kh8 $16) 25. Qh5 $1 $18 Nb4 26. Re7 {White threatens Qf7+ and mate.} Bg6 27. Nxg6 hxg6 28. Qg4 {Strongly threatening Be4!} Ra6 $2 {[#]} (28... Qf5 29. Qxf5 gxf5 30. Rxb7 (30. Bxb7 Ra5 $18) 30... Nc2) 29. Be4 $1 f5 30. Bxc2 fxg4 31. Bb3 Rc6 32. Rxb7 Nd5 33. Bg5 Rdd6 34. Rc1 Na5 35. Rxc6 Nxc6 36. Rb5 Nxd4 37. Rxd5 Nf3+ 38. Kg2 {White mates.} Rxd5 39. Bxd5+ Kf8 40. Bxf3 {Accuracy: White = 64%, Black = 36%.} 1-0

[Event "70th RUS-ch Women Higher League 2020"]
[Site "Sochi"]
[Date "2020.10.10"]
[Round "3.14"]
[White "Gorovenko, Darya"]
[Black "Bodnaruk, Anastasia"]
[Result "0-1"]
[WhiteElo "2120"]
[BlackElo "2428"]
[Annotator "TA"]
[PlyCount "184"]
[EventDate "2020.10.08"]
[EventType "swiss"]
[EventCountry "RUS"]
[SourceTitle "playchess.com"]
[Source "ChessBase"]
[SourceQuality "1"]

{[%evp 17,184,31,61,56,57,36,45,41,58,38,78,34,129,42,87,39,69,70,75,74,76,0,80,75,89,85,93,77,79,48,48,48,48,48,48,41,48,41,48,48,48,41,48,41,48,0,48,27,41,4,37,0,20,0,27,0,0,0,26,11,48,11,48,0,48,0,48,27,48,48,48,0,48,48,121,140,134,29,29,21,136,50,132,32,106,0,58,44,90,25,27,29,156,85,129,0,0,0,0,0,0,0,0,-63,-48,-43,-52,-7,0,0,8,0,123,-64,-63,-64,0,-10,0,-47,-47,-57,60,44,51,42,43,-225,-227,-2060,-1845,-1543,-1295,-1258,-725,-1694,-1402,-785,-154,-146,-136,-139,-143,-105,-93,-3399,-1823,-29970,-29970,-29967,-29970,-29972,-29973,-29977,-29978,-29980,-29979,-29979,-29980,-29984,-29985,-29986,-29987,-29987,-29988,-29989,-29990,-29997,-29998]} 1. d4 Nf6 2. c4 g6 3. Nc3 Bg7 4. e4 d6 5. Be2 O-O 6. Bg5 Na6 7. Qd2 e5 8. d5 Qe8 9. Bd1 Nc5 10. f3 {E73: King's Indian: Averbakh Variation without 6...c5.} a5 11. Be3 Nh5 12. Nge2 {White is slightly better.} f5 13. Bc2 Bd7 {[#]} 14. O-O-O $146 ({Predecessor:} 14. Nc1 b5 15. cxb5 Bxb5 16. Nd3 Nxd3+ 17. Bxd3 Bxd3 18. Qxd3 fxe4 19. fxe4 Rb8 20. O-O-O {½-½ (47) Graw,C (2257)-Tsanas,A (2264) London 2011}) 14... Ra6 (14... fxe4 $14 15. Nxe4 Nxe4 16. fxe4 a4) 15. Rde1 (15. exf5 $16 gxf5 16. h3) 15... a4 16. Ng3 f4 17. Bxc5 $1 dxc5 18. Nxh5 gxh5 19. Qe2 ({Better is} 19. a3 $16) 19... Ra5 (19... a3 $11) 20. a3 $16 Kh8 21. Kb1 Bf6 22. Rc1 Rg8 23. Rhd1 Be7 24. Rd2 Rg7 25. Bd3 Ra6 26. Qd1 Qg8 27. Bf1 Qd8 28. Ka2 Qa8 29. Nb5 Bd6 30. Qc2 Qd8 31. Qd1 Qh4 32. h3 Qd8 33. Qc2 Rg6 34. Qd1 Qe8 35. Qc2 Ra5 36. Qc3 b6 37. Qc2 Rg8 38. Nc3 h6 39. Qd1 Kh7 40. Qc2 Rg6 41. Qd1 Qe7 42. Qe1 Ra8 43. Rcc2 Rag8 44. Rc1 Rg3 45. Ne2 Rxg2 (45... R3g6 $14) 46. Bxg2 Rxg2 47. Ng1 ({White should try} 47. Qh1 $1 $16 {[%cal Rh1g2]} Qg7 48. h4) 47... Rg3 $11 48. Qf1 Qg7 (48... h4 $11) 49. Rh2 (49. h4 $16) 49... Rg6 {[#]} (49... h4 $14) 50. Rd1 (50. h4 $1 $16) 50... Qg8 (50... h4 $14) 51. Rc1 (51. h4 $16) 51... b5 (51... Qg7 $1 $11) 52. cxb5 $14 Qb8 53. Ka1 (53. Ne2 $16) 53... Bxb5 54. Ne2 Bd7 (54... h4 $1 $11 {remains equal.}) 55. Rh1 (55. h4 $142) 55... Qb3 56. Rg1 (56. Rc3 $16 Qb5 57. Qd1) 56... Rxg1 $11 57. Nxg1 Bb5 $1 {[%cal Rb5f1]} 58. Qd1 Qe3 59. Qe1 Bd3 60. Qxe3 (60. Rd1 $11 Qxe1 61. Rxe1) 60... fxe3 {[%mdl 4096] Endgame KRN-KB} 61. Re1 c4 62. Rxe3 Bc5 63. Re1 Bf2 64. Rd1 $1 {next Ne2 is good for White.} Kg6 (64... Bc5 $11 {keeps the balance.}) 65. h4 $2 (65. Rd2 $16 Bd4 66. Rg2+ Kf6 67. h4) 65... Bxh4 $15 66. Nh3 Bg3 (66... Kf6 $15) 67. b3 axb3 68. Kb2 {aiming for Rg1.} Bh4 69. a4 Be2 ({Black should play} 69... Be7 $1 $15 70. Rxd3 cxd3 71. Kxb3 d2) 70. Rg1+ $14 {[%mdl 1024] White has compensation.} Kf7 71. a5 Be7 72. a6 $2 {[%mdl 8192]} (72. Re1 $1 $14 Bd3 73. Nf2) 72... Bc5 $19 {And now ...Bd4+ would win.} 73. Kc3 $2 (73. Re1 Bd3 74. Ng1 Bd4+ 75. Ka3) 73... Bd4+ 74. Kd2 c3+ {[%mdl 64] Discovered Attack} 75. Kxe2 Bxg1 76. Nxg1 {KN-KP} b2 {( -> ...c2)} 77. a7 {[#]} b1=Q $2 (77... c2 $1 $19 {[%cal Rc2c1] and Black stays clearly on top.} 78. a8=Q c1=Q) 78. a8=Q $17 Qxg1 {KQ-KQ} ({Don't play} 78... c2 $6 79. Qc8 $11) 79. Qc6 Qg2+ 80. Ke1 Qxf3 81. Qe6+ $2 {[%mdl 8192]} (81. Qxc7+ $17 Kg6 82. Qxe5) 81... Kg7 $19 82. Qxe5+ Kg6 {Black mates.} 83. Qe6+ Kg5 84. Qe5+ Kg4 85. Qe6+ Kg3 86. Qe5+ Kg2 {[%csl Gg2][%cal Rf3f1]} 87. Qg7+ Kh1 88. Qxc7 Qxe4+ {[%mdl 64] Double Attack} 89. Kf2 c2 90. Qg3 Qf5+ 91. Ke2 c1=Q {[%csl Gc1][%cal Rf5f1]} 92. Qh4+ Kg2 {Accuracy: White = 49%, Black = 60%.} 0-1

[Event "70th RUS-ch Women Higher League 2020"]
[Site "Sochi"]
[Date "2020.10.10"]
[Round "3.15"]
[White "Bivol, Alina"]
[Black "Garmash, Aliona"]
[Result "1-0"]
[WhiteElo "2393"]
[BlackElo "2093"]
[Annotator "TA"]
[PlyCount "59"]
[EventDate "2020.10.08"]
[EventType "swiss"]
[EventCountry "RUS"]
[SourceTitle "playchess.com"]
[Source "ChessBase"]
[SourceQuality "1"]

{[%evp 18,59,30,35,34,0,67,53,75,72,79,88,101,104,204,208,372,152,185,179,160,167,177,122,192,197,408,239,257,248,250,251,245,239,1456,1422,29987,29988,29985,29986,2150,1296,29994,29995]} 1. e4 g6 2. d4 Bg7 3. Nc3 d6 4. g3 Nf6 5. Bg2 c6 6. h3 Nbd7 7. a4 e5 8. Be3 O-O 9. Nge2 Qe7 10. O-O Rd8 {B07: Pirc Defence: Miscellaneous Systems.} 11. g4 Nf8 {[#]} (11... h5 $1 $11) 12. d5 $146 ({Predecessor:} 12. Ng3 Ne6 13. Nce2 g5 14. Nf5 Qf8 15. Nxg7 Kxg7 16. Ng3 Nf4 17. Qd2 Be6 18. Rfe1 {½-½ (95) Maciaga,M (2199)-Wojtaszewski,P (1992) Mazowsze 2009}) 12... Bd7 {White is slightly better.} 13. Qd2 Rdc8 14. f4 exf4 15. Bxf4 c5 {[#]} (15... h5 $16 {keeps fighting.}) 16. e5 $1 $18 {[%cal Re5f6][%mdl 512]} Ne8 $2 {[#]} (16... dxe5 {might work better.} 17. Bg5 Qd8) 17. exd6 (17. e6 $1 $18 {[%mdl 512]}) 17... Nxd6 $16 18. Rae1 Nc4 19. Qc1 Re8 20. Ng3 ({White should try} 20. Kh1 $18) 20... Bd4+ (20... Qd8 $16) 21. Kh1 $18 Qh4 $2 (21... Qd8 22. Rxe8 Bxe8) 22. Nce4 (22. Nge4 $142 h6 23. Bg3 (23. Bxh6 Bxg4 24. Qf4 {[%mdl 64] Pin} f5 $16)) 22... Bxb2 23. Qd1 {aiming for Bg5.} h6 {[#]} 24. c3 $1 {Strongly threatening Qb3.} b5 25. Qf3 {Black must now prevent Bg5!} Kh8 $2 {[#]} (25... Nh7 26. Nxc5 Rxe1 27. Rxe1 Nf6) 26. Bg5 $1 {[%mdl 576] Discovered Attack} hxg5 27. Qf6+ {[%mdl 64] Double Attack} Kh7 28. Qxf7+ Kh8 {[#]} 29. Nf6 $1 {[%csl Gf6][%cal Rf7g8][%mdl 576] Double Attack} Nh7 30. Ngh5 {Accuracy: White = 57%, Black = 37%.} 1-0

[Event "70th RUS-ch Women Higher League 2020"]
[Site "Sochi"]
[Date "2020.10.10"]
[Round "3.16"]
[White "Makarova, Olga"]
[Black "Getman, Tatyana"]
[Result "0-1"]
[WhiteElo "1875"]
[BlackElo "2271"]
[Annotator "TA"]
[PlyCount "50"]
[EventDate "2020.10.08"]
[EventType "swiss"]
[EventCountry "RUS"]
[SourceTitle "playchess.com"]
[Source "ChessBase"]
[SourceQuality "1"]

{[%evp 9,50,-40,16,15,57,60,70,70,67,66,79,69,66,29,27,27,27,28,28,3,34,0,4,-37,-36,-51,-20,-28,-29,-69,-76,-134,-130,-124,-125,-641,-641,-631,-625,-597,-599,-679,-662]} 1. c4 e6 2. Nf3 d5 3. g3 dxc4 4. Bg2 a6 5. a4 Nd7 (5... Nc6 $15) 6. Na3 {[#] A13: English Opening: 1...e6.} Nb6 $146 {[%cal Bd7b6,Bb6d5,Bd5b4][%mdl 32]} ({Predecessor:} 6... Bxa3 7. Rxa3 Rb8 8. O-O Ngf6 9. Qc2 b5 10. axb5 axb5 11. Nd4 Ne5 12. Nc6 Nxc6 13. Bxc6+ {0-1 (33) Danner,L (2137)-Pushkov,N (2299) Dresden 2015}) 7. a5 Nd5 8. Nxc4 {White is slightly better.} Ngf6 9. O-O Be7 10. Re1 O-O 11. e4 Nb4 $1 12. d4 b5 13. axb6 cxb6 14. h4 Bb7 15. e5 Ne8 16. h5 Rc8 $36 {[%mdl 2048] Black has some pressure.} 17. Ne3 Nc7 18. h6 g6 19. Ng4 Nb5 {White must now prevent ...Nc2.} 20. Re2 (20. Rb1 $142) 20... Bxf3 $1 $17 21. Bxf3 Nxd4 22. Rd2 $2 {[%mdl 8192] Loses the game.} (22. Re4 $17 Ndc2 23. Rb1) 22... Nxf3+ $19 {Black is clearly winning.} 23. Qxf3 {[#]} Rxc1+ $1 {[%mdl 576] Remove Defender} 24. Rxc1 Qxd2 {[%mdl 64] Double Attack} 25. Rc7 Bg5 {Accuracy: White = 48%, Black = 86%.} 0-1

[Event "70th RUS-ch Women Higher League 2020"]
[Site "Sochi"]
[Date "2020.10.10"]
[Round "3.17"]
[White "Paramzina, Anastasya"]
[Black "Salakhova, Adelya"]
[Result "1-0"]
[WhiteElo "2237"]
[BlackElo "1885"]
[Annotator "ChessBase"]
[PlyCount "127"]
[EventDate "2020.10.08"]
[EventType "swiss"]
[EventCountry "RUS"]
[SourceTitle "playchess.com"]
[Source "ChessBase"]
[SourceQuality "1"]
[TimeControl "40/5400+30:1800+30"]

1. e4 {[%emt 0:03:21]} c5 {[%emt 0:00:00]} 2. Nf3 {[%emt 0:00:30]} Nc6 {[%emt 0:00:00]} 3. d4 {[%emt 0:01:01]} cxd4 {[%emt 0:00:06]} 4. Nxd4 {[%emt 0:00:03]} Nf6 {[%emt 0:00:22]} 5. Nc3 {[%emt 0:00:16]} e5 {[%emt 0:00:29]} 6. Ndb5 {[%emt 0:00:11]} d6 {[%emt 0:00:13]} 7. Nd5 {[%emt 0:00:14]} Nxd5 {[%emt 0:01:01]} 8. exd5 {[%emt 0:00:33]} Nb8 {[%emt 0:00:16]} 9. a4 {[%emt 0:00:33]} Be7 {[%emt 0:01:24]} 10. Bd2 {[%emt 0:00:34]} a6 {[%emt 0:00:32]} 11. Na3 {[%emt 0:00:34]} a5 {[%emt 0:00:47]} 12. Bb5+ {[%emt 0:09:22]} Nd7 {[%emt 0:03:58]} 13. O-O {[%emt 0:00:50]} O-O {[%emt 0:00:43]} 14. Nc4 {[%emt 0:04:49]} f5 {[%emt 0:15:40]} 15. Qe1 {[%emt 0:10:36]} b6 {[%emt 0:02:39]} 16. f4 {[%emt 0:00:16]} Qc7 {[%emt 0:13:35]} 17. Bc6 {[%emt 0:22:37]} Ba6 {[%emt 0:14:32]} 18. Rf3 {[%emt 0:13:51]} Rab8 {[%emt 0:15:13]} 19. Na3 {[%emt 0:01:42]} Bf6 {[%emt 0:02:58]} 20. Bc3 {[%emt 0:10:20]} Rbe8 {[%emt 0:05:10]} 21. Qf2 {[%emt 0:07:18]} Re7 {[%emt 0:05:41]} 22. Nb5 {[%emt 0:03:12]} Bxb5 {[%emt 0:00:49]} 23. axb5 {[%emt 0:00:03]} Nc5 {[%emt 0:02:26]} 24. fxe5 {[%emt 0:00:14]} dxe5 {[%emt 0:02:51]} 25. Rxf5 {[%emt 0:01:16]} Ne4 {[%emt 0:01:05]} 26. Qe3 {[%emt 0:00:24]} Nd6 {[%emt 0:04:05]} 27. Rff1 {[%emt 0:00:14]} e4 {[%emt 0:00:48]} 28. Bxf6 {[%emt 0:02:10]} gxf6 {[%emt 0:00:06]} 29. b4 {[%emt 0:00:32]} axb4 {[%emt 0:01:59]} 30. Ra6 {[%emt 0:00:15]} Nc8 {[%emt 0:01:05]} 31. Ra8 {[%emt 0:01:27]} f5 {[%emt 0:00:33]} 32. g3 {[%emt 0:00:13]} Rg7 {[%emt 0:00:54]} 33. Qf4 {[%emt 0:01:04]} Qe7 {[%emt 0:01:12]} 34. Rxc8 {[%emt 0:03:28]} Rxc8 {[%emt 0:00:07]} 35. d6 {[%emt 0:00:02]} Qf6 {[%emt 0:01:30]} 36. Qxf5 {[%emt 0:00:24]} Qxf5 {[%emt 0:00:34]} 37. Rxf5 {[%emt 0:00:03]} e3 {[%emt 0:01:22]} 38. Kf1 {[%emt 0:01:06]} Rd8 {[%emt 0:00:46]} 39. Ke2 {[%emt 0:02:32]} Ra7 {[%emt 0:00:55]} 40. Rf6 {[%emt 0:00:00]} Kg7 {[%emt 0:00:00]} 41. Re6 {[%emt 0:01:52]} Ra3 {[%emt 0:04:41]} 42. d7 {[%emt 0:05:04]} Rf8 {[%emt 0:03:46]} 43. Re7+ {[%emt 0:08:35]} Kh6 {[%emt 0:00:22]} 44. Re6+ {[%emt 0:02:44]} Kg7 {[%emt 0:02:18]} 45. Re7+ {[%emt 0:02:15]} Kh6 {[%emt 0:00:07]} 46. Rxe3 {[%emt 0:02:24]} Rxe3+ {[%emt 0:00:29]} 47. Kxe3 {[%emt 0:00:03]} b3 {[%emt 0:01:03]} 48. cxb3 {[%emt 0:00:35]} Kg5 {[%emt 0:00:29]} 49. Ke4 {[%emt 0:01:22]} Kf6 {[%emt 0:00:27]} 50. Kf4 {[%emt 0:00:09]} Rg8 {[%emt 0:05:38]} 51. g4 {[%emt 0:01:40]} Rf8 {[%emt 0:01:12]} 52. g5+ {[%emt 0:04:02]} Ke7+ {[%emt 0:07:10]} 53. Kg4 {[%emt 0:00:06]} Rg8 {[%emt 0:02:17]} 54. h4 {[%emt 0:01:28]} h6 {[%emt 0:00:25]} 55. Kh5 {[%emt 0:02:02]} hxg5 {[%emt 0:00:03]} 56. hxg5 {[%emt 0:00:03]} Rh8+ {[%emt 0:00:08]} 57. Kg6 {[%emt 0:01:50]} Rh3 {[%emt 0:01:23]} 58. Kg7 {[%emt 0:00:05]} Rxb3 {[%emt 0:00:29]} 59. g6 {[%emt 0:00:05]} Rh3 {[%emt 0:00:24]} 60. Kg8 {[%emt 0:00:12]} Rg3 {[%emt 0:02:05]} 61. g7 {[%emt 0:00:10]} Rg5 {[%emt 0:01:12]} 62. Kh7 {[%emt 0:01:09]} Rh5+ {[%emt 0:02:16]} 63. Kg6 {[%emt 0:00:05]} Rh3 {[%emt 0:00:11]} 64. d8=Q+ {[%emt 0:00:21]} 1-0